000 00309 a2200121 4500
001 126514
020 _a9788576757832
040 _cEscola Canadense de Niteroi
245 1 0 _aPara Viver Juntos: Português - 8º ano Guia Didático
490 0 _aPara viver juntos
650 4 _aLíngua Portuguesa
942 _cBK
999 _c126514
_d126514